The Penguin - Portrayals by Picture - Statistics

General Stats
  • This quiz has been taken 15 times
  • The average score is 3 of 27
Answer Stats
Picture Answer % Correct
Danny DeVito
90%
Colin Farrell
70%
Burgess Meredith
30%
Robin Lord Taylor
30%
Tom Kenny
20%
Chō / Tom Kenny
10%
Steven Blum / Tom Kenny / John Venzon
10%
Tom Kenny
10%
Alexander Polinsky
0%
Dana Snyder
0%
Dana Snyder
0%
David Dastmalchian
0%
David Jennison
0%
Elias Toufexis
0%
Jason Spisak
0%
Jess Harnell
0%
Lennie Weinrib
0%
Nolan North
0%
Nolan North / Ian Redford
0%
Paul Williams
0%
Paul Williams
0%
Robert Morse
0%
Stephen Root
0%
Ted Knight
0%
Ted Knight
0%
Wayne Knight
0%
William Salyers
0%
No matching quizzes found
Score Distribution
Percent of People with Each Score
Percentile by Number Answered
Your Score History
You have not taken this quiz